000 00593nam a2200205Ia 4500
005 20240306092114.0
008 131103s9999 xx 000 0 und d
040 _aLoreto College
041 _aEnglish
082 _a371.26
_bWHI
100 _aWhilde,Noel E.
245 4 _aThe Application of Psychological Tests in Schools,
_cNoel E.Whilde
260 _aLondon
_bBlackie & Son
_c[1955]
300 _axi,179 p.
_b ill.,fig.
504 _aIncludes bibliography and index
650 _aSchools and their activities
651 _aExaminations and tests
850 _aLCLIB
942 _cBK
999 _c9092
_d59571